000 00349nam a2200145Ia 4500
041 _aArabic
082 _a341 cut-297 ن
100 _a20260118u\\\\\\\\\\\y0engy0103\\\\ba
100 _aجامعة نايف العربية
245 0 _aالامن النووي
250 _aط1
260 _aالرياض
_c2007
300 _a166
942 _cBk
999 _c187605
_d187605